Pokemon Generation 1 Evolution Chains that Change in Later Generations - Statistics

General Stats
  • This quiz has been taken 46 times
    34 since last reset
  • The average score is 31 of 34
Answer Stats
Chain New Pokemon % Correct
___-Clefairy-Clefable Cleffa
100%
Zubat-Golbat-___ Crobat
100%
___-Pikachu-Raichu Pichu
100%
Eevee-Vaporeon/Jolteon/Flareon/___/___/___/___/___ Umbreon
100%
Eevee-Vaporeon/Jolteon/Flareon/___/___/___/___/___ Glaceon
96%
Eevee-Vaporeon/Jolteon/Flareon/___/___/___/___/___ Leafeon
96%
___-Magmar-___ Magby
96%
Magnemite-Magneton-___ Magnezone
96%
___-Mr. Mime Mime Jr.
96%
___-Snorlax Munchlax
96%
Porygon-___-___ Porygon2
96%
Porygon-___-___ Porygon-Z
96%
Onix-___ Steelix
96%
Eevee-Vaporeon/Jolteon/Flareon/___/___/___/___/___ Sylveon
96%
Tangela-___ Tangrowth
96%
___-Chansey-___ Blissey
92%
___-Electabuzz-___ Elekid
92%
Eevee-Vaporeon/Jolteon/Flareon/___/___/___/___/___ Espeon
92%
___-Hitmonchan/Hitmonlee/___ Hitmontop
92%
Horsea-Seadra-___ Kingdra
92%
___-Magmar-___ Magmortar
92%
Poliwag-Poliwhirl-Poliwrath/___ Politoed
92%
Rhyhorn-Rhydon-___ Rhyperior
92%
Slowpoke-Slowbro/___ Slowking
92%
___-Hitmonchan/Hitmonlee/___ Tyrogue
92%
Oddish-Gloom-Vileplume/___ Bellossom
88%
___-Electabuzz-___ Electivire
88%
___-Chansey-___ Happiny
88%
Lickitung-___ Lickilicky
88%
___-Jynx Smoochum
88%
Mankey-Primeape-___ Annihilape
83%
___-Jigglypuff-Wigglytuff Igglybuff
83%
Scyther-___/___ Scizor
83%
Scyther-___/___ Kleavor
75%
No matching quizzes found
Score Distribution
Percent of People with Each Score
Percentile by Number Answered
Your Score History
You have not taken this quiz since the last reset